000 00290nam a22001337a 4500
008 170406b xxu||||| |||| 00| 0 eng d
020 _a0838542905
041 _aeng
080 _23RD
_a575
100 _a9
101 _aSHM
245 _aIMMUNOHEMATOLOGY
_cZMIJEWKSI, CH.M
942 _2udc
_cBK
999 _c9935
_d9935